|
|
|
|
| LEADER |
01365cam a2200385 7i4500 |
| 001 |
0000034965 |
| 005 |
20180403090000.0 |
| 007 |
##ta |
| 008 |
180403t20172017my ao e r f000 0 may |
| 020 |
# |
# |
|a 9789670622859
|
| 040 |
# |
# |
|a MATR
|
| 090 |
0 |
0 |
|a M 615.321025595
|b ARR
|
| 100 |
0 |
# |
|a AR Rohana
|e author
|
| 245 |
1 |
0 |
|a Direktori Pengusaha Produk Herba di Semenanjung Malaysia
|c AR Rohana, Z Nur Fazreen, AB Ariff Fahmi, S Siti Zubaidah, R Rosniza, M Marzalina, A Nur Syazni, KY Pin, MA Mohd Shahidan, BK Ong & HF Lim.
|
| 264 |
# |
4 |
|a ♭2017.
|
| 264 |
# |
1 |
|a Kepong, Selangor:
|b Institut Penyelidikan Perhutanan Malaysia,
|c 2017.
|
| 300 |
# |
# |
|a viii, 120 pages:
|b colour illustrations, colour photographs;
|c 30 cm.
|
| 336 |
# |
# |
|a text
|2 rdacontent
|
| 337 |
# |
# |
|a unmediated
|2 rdamedia
|
| 338 |
# |
# |
|a volume
|2 rdacarrier
|
| 650 |
# |
0 |
|a Government publications --
|z Malaysia
|
| 650 |
# |
0 |
|a Herb products --
|z Malaysia
|
| 650 |
# |
0 |
|a Herb industry --
|z Malaysia
|
| 700 |
0 |
# |
|a R Rosniza
|
| 700 |
0 |
# |
|a S Siti Zubaidah
|
| 700 |
0 |
# |
|a Z Nur Fazreen
|
| 700 |
0 |
# |
|a AB Ariff Fahmi
|
| 700 |
0 |
# |
|a M Marzalina
|
| 700 |
0 |
# |
|a A Nur Syazni
|
| 700 |
1 |
# |
|a Pin, KY
|
| 700 |
0 |
# |
|a MA Mohd Shahidan
|
| 700 |
1 |
# |
|a Ong, BK
|
| 700 |
1 |
# |
|a Lim, HF
|
| 710 |
2 |
# |
|a Institut Penyelidikan Perhutanan Malaysia
|
| 999 |
|
|
|a 0000039580
|b Directories
|c Malaysia
|e Business Information Centre
|